LEADER 01299nam a2200337 u 4500 001 000000042620 003 CaOOAMICUS 005 20070226114339.0 008 990304s1997 it u000 u ita u 020 $a8839907491 035 $a10816261 040 $aPUL(R)$bita 041 1 $aita$hger 100 1 $aDrewermann, Eugen,$d1940-$0(OLS)http://pul/name/26390 240 10$aGespräche über die Anst.$lItaliano.$0(OLS)http://pul/title/57507 245 10$aConversazioni sull'angoscia /$cEugen Drewermann, Jürgen Jeziorowski. 260 $aBrescia :$bQueriniana,$c1997. 300 $a119 p. ;$c20 cm 490 1 $aGiornale di teologia ;$v249 650 4$aAngoscia.$0(OLS)http://pul/subject/18919 650 4$aPaura.$0(OLS)http://pul/subject/18920 700 1 $aJeziorowski, Jürgen,$d1936-$0(OLS)http://pul/name/31273 830 0$aGiornale di teologia ;$v249.$0(OLS)http://pul/title/9027 850 $aPUL 852 $aPUL$W1$xSL Religione 3$y85$m200 GDT 1.249$j57557$nBK-PRI$qDDC 21$B57557$CPULBib$Z2$F57557 $82 941 1 $a9 961 $aINV: 76460 983 0$aGdT. 996 $6020$a8839907491$9(OLS)http://pul/number/53160 996 $6245$aConversazioni sull'angoscia$9(OLS)http://pul/title/57508 996 $6260$aBrescia :$bQueriniana$9(OLS)http://pul/publisher/47906 LEADER 01521nam a2200349 a 4500 001 000000075717 003 CaOOAMICUS 005 20100929181009.0 008 031017s2003 be u000 u fre r 020 $a2-503-41151-7 (hbk) 020 $a2-503-41000-6 (série) 035 $a10973252 040 $aIPA$bita 041 0 $afre$agrc 130 0 $aEvangelium Petri.$0(OLS)http://pul/title/99354 245 10$aKerygma Petri :$btextus et commentarius /$ccura Michel Cambe. 260 $aTurnhout :$bBrepols,$c2003. 300 $axvii, 421 p. ;$c25 cm 490 1 $aCorpus Christianorum.$aSeries Apocryphorum ;$v15 500 $aComprende riferimenti bibliografici (p. viii-xvii) e indice. 546 $aIntroduzione in francese, parti di testo in greco con traduzione francese a fronte. 630 04$aEvangelium Petri.$0(OLS)http://pul/subject/26434 700 1 $aCambe, Michel.$0(OLS)http://pul/name/50348 830 0$aCorpus Christianorum.$pSeries Apocryphorum ;$v15.$0(OLS)http://pul/title/2762 850 $aPUL 852 $aPUL$W1$xSL Cons. Gen., Altre Classi 1$y1$m2008 E 1.15$j97365$nBK-PRI$qStampati$B97365$CPULBib$Z2$F97365 $H93711 $82 941 1 $a8 996 $6020$a2-503-41151-7 (hbk)$9(OLS)http://pul/number/98961 996 $6020$a2-503-41000-6 (série)$9(OLS)http://pul/number/98962 996 $6245$aKerygma Petri :$btextus et commentarius$9(OLS)http://pul/title/99355 996 $6260$aTurnhout :$bBrepols$9(OLS)http://pul/publisher/47850